00444 2200157 4500245006300000250001100063100002700074650001900101005001900120260000900139041001400148084000800162300002600170500008100196336000900277 aProposal Usaha "Banana Roll"cAisyah Syahla Az-ZahrahText aCet. 1 aAisyah Syahla Az-Zahra aProposal Usaha a20240131071557 c2024 aIndonesia a080 aiv, 15 hlm. :c25 cm. aDiajukan untuk memenuhi tugas ujian praktik Produk Kreatif dan Kewirausahaan atext